Southville International School and Colleges
Your cart is empty.
  • Cart
  • Lists
    Public lists Eva Luna New books Lux_list list_1
    Your lists Log in to create your own lists
  • Log in to your account
  • Your cookies
  • Search history
Southville International School and Colleges
  • Advanced search
  • Recent comments
  • Most popular
  • Libraries

Log in to your account

Log in with GOOGLE


If you do not have an external account, but do have a local account, you can still log in:

  1. Home
  2. MARC view: Simulation in nursing education :
Normal view MARC view ISBD view

Simulation in nursing education : (Record no. 329564)

[ view plain ]
MARC details
000 -LEADER
fixed length control field 01031cam a2200301 i 4500
001 - CONTROL NUMBER
control field 18143438
003 - CONTROL NUMBER IDENTIFIER
control field SISC
005 - DATE AND TIME OF LATEST TRANSACTION
control field 20170517163319.0
008 - FIXED-LENGTH DATA ELEMENTS--GENERAL INFORMATION
fixed length control field 140507s2012 nyuac b 000 0 eng
010 ## - LIBRARY OF CONGRESS CONTROL NUMBER
LC control number 2013372148
020 ## - INTERNATIONAL STANDARD BOOK NUMBER
International Standard Book Number 9781934758151 (pbk)
020 ## - INTERNATIONAL STANDARD BOOK NUMBER
International Standard Book Number 1934758159 (pbk)
040 ## - CATALOGING SOURCE
Original cataloging agency DLC
Language of cataloging eng
Transcribing agency DLC
Description conventions rda
042 ## - AUTHENTICATION CODE
Authentication code pcc
050 00 - LIBRARY OF CONGRESS CALL NUMBER
Classification number RT 73
Item number .Si614 2007
082 00 - DEWEY DECIMAL CLASSIFICATION NUMBER
Classification number 616.2/38
245 00 - TITLE STATEMENT
Title Simulation in nursing education :
Remainder of title from conceptualization to evaluation /
Statement of responsibility, etc Pamela R. Jeffries, PhD, RN, FAAN, ANEF, editor.
260 ## - PUBLICATION, DISTRIBUTION, ETC. (IMPRINT)
Place of publication, distribution, etc New York :
Name of publisher, distributor, etc National League for Nursing,
Date of publication, distribution, etc 2007.
300 ## - PHYSICAL DESCRIPTION
Extent xvi, 168 pages :
Other physical details illustrations ;
Dimensions 23 cm.
500 ## - GENERAL NOTE
General note Includes appendix.
650 #0 - SUBJECT ADDED ENTRY--TOPICAL TERM
Topical term or geographic name as entry element Nursing
General subdivision Study and teaching
-- Simulation methods.
650 #0 - SUBJECT ADDED ENTRY--TOPICAL TERM
Topical term or geographic name as entry element Simulation games in education.
700 1# - ADDED ENTRY--PERSONAL NAME
Personal name Jeffries, Pamela R.
710 2# - ADDED ENTRY--CORPORATE NAME
Corporate name or jurisdiction name as entry element National League for Nursing.
906 ## - LOCAL DATA ELEMENT F, LDF (RLIN)
a 7
b cbc
c origcop
d 2
e ncip
f 20
g y-gencatlg
942 ## - ADDED ENTRY ELEMENTS (KOHA)
Source of classification or shelving scheme Library of Congress Classification
Koha item type Books
Holdings
Withdrawn status Lost status Source of classification or shelving scheme Damaged status Home library Current library Shelving location Date acquired Source of acquisition Total Checkouts Full call number Barcode Date last seen Price effective from Koha item type
    Library of Congress Classification   College Library College Library General Circulation Section 04/24/2017 Donation   RT 73 .Si614 2007 C20870 05/15/2018 04/24/2017 Books

Simulation in nursing education :

APA

Jeffries P. R., National League for Nursing, . (2007). Simulation in nursing education. New York: National League for Nursing.

Chicago

Jeffries Pamela R, National League for Nursing, . 2007. Simulation in nursing education. New York: National League for Nursing.

Harvard

Jeffries P. R., National League for Nursing, . (2007). Simulation in nursing education. New York: National League for Nursing.

MLA

Jeffries Pamela R, National League for Nursing, . Simulation in nursing education. New York: National League for Nursing. 2007.

  • Place hold
  • Print
  • Cite
  • Add to your cart (remove)
  • Save record
    BIBTEX Dublin Core MARCXML MARC (non-Unicode/MARC-8) MARC (Unicode/UTF-8) MARC (Unicode/UTF-8, Standard) MODS (XML) RIS
  • More searches
    Search for this title in:
    Other Libraries (WorldCat) Other Databases (Google Scholar) Online Stores (Bookfinder.com) Open Library (openlibrary.org)

Exporting to Dublin Core...

SOUTHVILLE LIBRARY

Southville International School and Colleges Library

1281 Tropical Ave. Cor. Luxembourg St., BF Homes International, Las Pinas City

Tel. No. 8256374 / 252358 Loc. 117/146

Powered by Koha